00418nam a22001457a 450000500170000000800410001702200130005804100120007108200130008310000120009624500340010826000730014230000320021565000250024720240903073057.0240903b |||||||| |||| 00| 0 eng d a10246991 aEnglish a349 NAM  lEnglish aThe Namibian Law Reports 1999 aWindhoek: bLegal Assistance Centre and Juta and Company Ltd, c1999 bxxxii, 424 pages; c26 cm.  aLegal practice bLaw